Menéndez Pelayo i su obra
Đã lưu trong:
| Tác giả chính: | |
|---|---|
| Định dạng: | Sách |
| Ngôn ngữ: | Tiếng Tây Ban Nha |
| Được phát hành: |
Santiago
Imprenta Universitaria
1913
|
| Phiên bản: | 1a. ed |
| Những chủ đề: | |
| Các nhãn: |
Thêm thẻ
Không có thẻ, Là người đầu tiên thẻ bản ghi này!
|
MARC
| LEADER | 00000nam a2200000 a 4500 | ||
|---|---|---|---|
| 001 | UCJ3996 | ||
| 003 | CL-VaPUC | ||
| 005 | 20211125135741.0 | ||
| 008 | 070124e19130000CL |||||||||||||||||spa|d | ||
| 999 | |c 320114 |d 320112 | ||
| 040 | |c Pontificia Universidad Católica de Valparaíso | ||
| 082 | 0 | 4 | |a Ch864 |b DON |2 21 |
| 100 | 0 | |a Donoso Novoa, Armando |e author |9 506751 | |
| 245 | 1 | 0 | |a Menéndez Pelayo i su obra |
| 250 | |a 1a. ed | ||
| 260 | |a Santiago |b Imprenta Universitaria |c 1913 | ||
| 300 | |a 112 p | ||
| 583 | |a last modification |c 20070124 00:00:00 |k Rodrigo Vera | ||
| 600 | 0 | |a Menéndez y Pelayo, Marcelino, |d 1856-1912 |9 864861 | |
| 650 | 0 | |a Crítica literaria |9 269189 | |
| 650 | 7 | |a BIBLIOGRAFIA |2 CL-VaPUC |9 256175 | |
| 650 | 7 | |a KRAUSISMO |2 CL-VaPUC |9 506752 | |
| 650 | 0 | |a Ciencia |9 255691 | |
| 942 | |c BK |2 ddc | ||
| 945 | |d 20070124 00:00:00 |a rinostro | ||
| 952 | |0 0 |1 0 |4 0 |6 CH_864_000000000000000_DON_1913 |7 0 |8 X |9 398582 |a FDOBUD |b FDOBUD |d 2019-11-22 |i 1011952 |o Ch864 DON 1913 |p 1011952 |r 2019-11-22 |w 2019-11-22 |y BK_X |k BUD | ||